| 000 | 00449nam a2200193Ia 4500 | ||
|---|---|---|---|
| 005 | 20250425161735.0 | ||
| 008 | 250425s9999 xx 000 0 und d | ||
| 041 | _aspa | ||
| 082 | _a863.69866 | ||
| 100 | _aPAREJA DIEZCANSECO, ALFREDO | ||
| 245 | 0 | _aLOS PODERES OMNIMODOS | |
| 250 | _a1A ED. | ||
| 260 |
_aEcuador _bEL CONEJO _c1983 |
||
| 260 | _aQUITO | ||
| 300 | _a254 | ||
| 650 | _aNOVELA ECUATORIANA | ||
| 942 | _c01 | ||
| 010 | _a27033 | ||
| 999 |
_c215136 _d215136 |
||